Maisie Peters Songs - Statistics

General Stats
  • This quiz has been taken 584 times
    284 since last reset
  • The average score is 41 of 71
Answer Stats
Answer % Correct
The Good Witch
93%
You Signed Up For This
91%
History Of Man
85%
Yoko
82%
Wendy
81%
Outdoor Pool
76%
Guy On A Horse
75%
John Hughes Movie
75%
Blonde
74%
Body Better
73%
Coming of Age
73%
Holy Revival
73%
The Last One
73%
Brooklyn
71%
Lost The Breakup
70%
BSC
69%
Elvis Song
69%
I'm Trying (Not Friends)
69%
Psycho
69%
There It Goes
69%
Volcano
69%
Watch
69%
The Band And I
67%
Glowing Review
65%
Not Another Rockstar
65%
Two Weeks Ago
65%
You're Just A Boy (And I'm KindaThe Man)
65%
Run
64%
Cate's Brother
63%
Love Him I Don't
63%
Villain
63%
Architecture
62%
Boy
59%
The Song
59%
Good Enough
58%
Want You Back
58%
This Is On You
57%
Tough Act
55%
April Showers
54%
Hollow
54%
Therapy
54%
You To You
54%
Funeral (feat. James Bay)
53%
Talking To Strangers
53%
Details
52%
Lunar Years
52%
Worst Of You
52%
In My Head
51%
Adore You
50%
Favourite Ex
50%
Place We Were Made
50%
Birthday
49%
Helicopter
48%
Take Care Of Yourself
48%
The List
48%
Truth Is
44%
Happy Hunting Ground (feat. Griff)
42%
Milhouse
42%
Personal Best
42%
The Party
42%
Maybe Don't
40%
Stay Young
40%
Feels Like This
39%
Enough For You
38%
Daydreams
36%
Sad Girl Summer
36%
Smile
36%
Best I'll Ever Sing
35%
Look At Me Now
31%
Neck Of The Woods
31%
I Want You To Change (Because YouWant To Change) [feat. Bear's Den]
26%
No matching quizzes found
Score Distribution
Percent of People with Each Score
Percentile by Number Answered
Your Score History
You have not taken this quiz since the last reset